MARC

LEADER 00000nam0a2200000 4500
001 247226
005 20231101232300.0
010 |a 0132166496 
035 |a (RuTPU)RU\TPU\book\268704 
090 |a 247226 
100 |a 20131219d1986 m y0engy50 ba 
101 0 |a eng 
102 |a US 
105 |a a z 000zy 
200 1 |a Dr.Dobb s Toolbook of 68000 Programming  |e editors of Dr.Dobb s Journal of Software Tools 
210 |a New York  |c Published by Prentice-Hall Press  |d 1986 
215 |a 394 с.  |c il. 
606 1 |a Программирование  |2 stltpush  |3 (RuTPU)RU\TPU\subj\51780  |9 70345 
610 1 |a вычислительная техника 
610 1 |a программное обеспечение 
610 1 |a программные модули 
610 1 |a программное оснащение 
610 1 |a английский язык 
675 |a 681.3.06  |v 3 
801 1 |a RU  |b 63413507  |c 20131219 
801 2 |a RU  |b 63413507  |c 20131224  |g RCR 
942 |c BK